OWGR Golf Top 100 as of April 2023 - Statistics

General Stats
  • This quiz has been taken 110 times
    98 since last reset
  • The average score is 41 of 100
Answer Stats
Rank Nation Best Win Player % Correct
#2 United States 2022 Masters Scottie Scheffler
97%
#1 Spain 2023 Masters Jon Rahm
96%
#3 Northern Ireland 2014 Open Championship Rory McIlroy
96%
#15 United States 2015 Masters Jordan Spieth
89%
#9 Norway 2021 Worldwide Technology Championship at Mayakoba Viktor Hovland
88%
#12 United States 2022 PGA Championship Justin Thomas
86%
#5 Australia 2022 Open Championship Cameron Smith
85%
#96 England 2017 Porsche European Open Jordan Smith
84%
#39 United States 2019 PGA Championship Brooks Koepka
82%
#70 United States 2020 Masters Dustin Johnson
82%
#41 Australia 2013 Masters Adam Scott
81%
#11 United States 2021 Open Championship Collin Morikawa
81%
#21 Japan 2021 Masters Hideki Matsuyama
78%
#6 United States 2022 Genesis Scottish Open Xander Schauffele
78%
#23 Ireland 2019 Open Championship Shane Lowry
77%
#33 Australia 2015 PGA Championship Jason Day
76%
#16 England 2022 US Open Matt Fitzpatrick
74%
#40 South Korea 2017 Players Championship Si-Woo Kim
74%
#19 South Korea 2022 Shriner's Children Open Tom Kim
74%
#4 United States 2021 BMW Championship Patrick Cantlay
73%
#31 England 2013 US Open Justin Rose
70%
#45 United States 2018 Masters Patrick Reed
70%
#25 England 2018 Abu Dhabi HSBC Championship presented by EGA Tommy Fleetwood
70%
#52 Australia 2021 ABRDN Scottish Open Min Woo Lee
66%
#42 South Korea 2022 AT&T Byron Nelson K.H Lee
65%
#72 United States 2010 Masters Phil Mickelson
65%
#22 United States 2011 PGA Championship Keegan Bradley
62%
#58 United States 2015 Players Championship Rickie Fowler
62%
#7 United States 2021 Genesis Invitational Max Homa
61%
#24 Chile 2022 Genesis Invitational Joaquin Niemann
59%
#14 United States 2021 Northern Trust Tony Finau
59%
#18 England 2020 Arnold Palmer Invitational Tyrrell Hatton
59%
#17 South Korea 2021 Shriner's Children Open Sungjae Im
55%
#30 Canada 2019 Valero Texas Open Corey Conners
54%
#36 Austria 2022 The Honda Classic Sepp Straka
54%
#8 United States 2022 FedEx St. Jude Championship Will Zalatoris
54%
#84 United States 2020 Bermuda Championship ( No win, solo 2nd ) Wyndham Clark
54%
#10 United States 2022 Charles Schwab Challenge Sam Burns
53%
#80 United States 2019 US Open Gary Woodland
50%
#34 United States 2017 Wells Fargo Championship Brian Harman
47%
#94 England 2016 Masters Danny Willett
46%
#13 United States 2021 AdventHealth Championship ( KFT ) Cameron Young
45%
#68 Canada 2017 Valspar Championship Adam Hadwin
42%
#66 Canada 2020 AT&T Pebble Beach Pro-Am Nick Taylor
42%
#28 United States 2022 Travelers Championship ( No win, tied 2nd ) Sahith Theegala
42%
#48 Sweden 2017 BMW PGA Championship Alex Noren
41%
#55 Canada 2022 Sanderson Farms Championship Mackenzie Hughes
41%
#37 New Zealand 2022 Alfred Dunhill Links Championship Ryan Fox
39%
#98 Scotland 2022 DS Automobiles Italian Open Robert MacIntyre
38%
#35 Mexico 2021 WGC-FedEx St. Jude Invitational Abraham Ancer
36%
#26 United States 2021 WGC-Dell Technologies Match Play Billy Horschel
36%
#43 Belgium 2022 Abu Dhabi HSBC Championship Thomas Pieters
36%
#44 United States 2021 Sentry Tournament of Champions Harris English
35%
#20 United States 2023 Arnold Palmer Invitational Kurt Kitayama
35%
#29 United States 2014 The Honda Classic Russell Henley
34%
#54 Chile 2021 Rex Hospital Open ( KFT ) Guillermo Mito Pereira
32%
#51 United States 2012 Players Championship Matt Kuchar
32%
#78 Australia 2021 Rocket Mortgage Classic Cameron Davis
30%
#53 United States 2019 WGC-Dell Technologies Match Play Kevin Kisner
30%
#38 Ireland 2021 Barbasol Championship Seamus Power
30%
#27 United States 2022 AT&T Pebble Beach Pro-Am Tom Hoge
30%
#62 Poland 2022 Horizon Irish Open Adrian Meronk
28%
#71 United States 2022 Valero Texas Open J.J Spaun
28%
#65 France 2019 Alfred Dunhill Links Championship Victor Perez
28%
#99 United States 2021 Corales Puntacana Resort & Club Championship Joel Dahmen
26%
#83 Belgium 2016 Bridgestone Challenge Thomas Detry
26%
#32 United States 2014 Deutsche Bank Championship Chris Kirk
24%
#61 Canada 2022 RSM Classic Adam Svensson
22%
#59 United States 2022 PIF Saudi International powered by Softbank Investment Advisers Harold Varner III
22%
#50 United States 2023 Valspar Championship Taylor Moore
20%
#56 United States 2021 RSM Classic Talor Gooch
16%
#64 United States 2018 Web.com Tour Championship ( KFT ) Denny McCarthy
15%
#49 United States 2019 Wyndham Championship J.T Poston
15%
#93 United States 2020 CJ Cup @ Shadow Creek Jason Kokrak
14%
#76 United States 2021 Fortinet Championship ( No win, solo 2nd ) Maverick McNealy
14%
#74 South Africa 2020 Alfred Dunhill Championship Christiaan Bezuidenhout
12%
#46 United States 2019 The Honda Classic Keith Mitchell
12%
#57 Australia 2020 Omega Dubai Desert Classic Lucas Herbert
12%
#95 Denmark 2015 Alfred Dunhill Links Championship Thorbjorn Olesen
12%
#73 United States 2022 Rex Hospital Open ( KFT ) Davis Thompson
11%
#97 Spain 2014 Abu Dhabi HSBC Golf Championship Pablo Larrazabal
9%
#79 United States 2018 Staal Foundation Open presented by Tbaytel Ben Griffin
8%
#75 United States 2022 Korn Ferry Tour Championship presented by United Leasing & Finance Justin Suh
8%
#47 United States 2018 AT&T Byron Nelson Aaron Wise
7%
#63 United States 2014 Farmers Insurance Open Scott Stallings
7%
#91 United States 2017 Lincoln Land Charity Championship ( KFT ) Adam Schenk
5%
#60 United States 2022 Fortinet Championship ( No win, solo 3rd ) Taylor Montgomery
5%
#89 South Africa 2021 Joburg Open Thriston Lawrence
5%
#81 Spain 2022 Catalunya Championship Adri Arnaus
4%
#77 United States 2014 HP Byron Nelson Championship Brendon Todd
4%
#90 United States 2014 The Barclays ( No win, tied 2nd ) Cameron Tringale
4%
#67 United States 2020 Panama Championship ( KFT ) Davis Riley
4%
#86 United States 2022 Barbasol Championship Trey Mullinax
4%
#88 Spain 2020 Scottish Championship presented by Axa Adrian Otaegui
3%
#85 Japan 2022 Kansai Open Golf Championship Kazuki Higa
3%
#69 United States 2018 Barracuda Championship Andrew Putnam
1%
#92 England 2022 Cazoo Open supported by Gareth Bale Callum Shinkwin
1%
#82 South Africa 2021 Tenerife Open Dean Burmester
1%
#100 United States 2021 LECOM Suncoast Classic ( KFT ) Hayden Buckley
1%
#87 Thailand 2022 SMBC Singapore Open Sadom Kaewkanjana
1%
No matching quizzes found
Score Distribution
Percent of People with Each Score
Percentile by Number Answered
Your Score History
You have not taken this quiz since the last reset